Freguesias de Santa Marta de Penaguião - Statistics

Estatísticas Gerais
  • Esse quiz foi jogado 2 vezes
  • A pontuação média é 5 de 10
Estatísticas das Respostas
Número Freguesia % Correto
2 Cumieira
100%
1 Alvações do Corgo
50%
3 Fontes
50%
4 Fornelos
50%
5 Lobrigos (São João Batista)
50%
6 Lobrigos (São Miguel)
50%
8 Medrões
50%
9 Sanhoane
50%
10 Sever
50%
7 Louredo
0%
Nenhum quiz correspondente encontrado
Distribuição das Pontuações
Porcentagem de Pessoas com Cada Pontuação
Percentil de Números Respondidos
Sua Pontuação Histórica
Você não jogou esse quiz